La mirada que habla : cine e ideologías /
Conjunto de ocho estudios que analizan cómo la ideología mantiene su presencia en el cine, y los otros medios de comunicación, de forma consustancial a ellos y en la globalidad de los mismos. Al margen del género fílmico al que se adscriba, toda película contiene en sí misma una finalidad ideológica...
Salvato in:
| Autore principale: | |
|---|---|
| Natura: | Libro |
| Lingua: | spagnolo |
| Pubblicazione: |
Madrid, España :
Akal,
2002, c2002
|
| Serie: | (Akal Comunicación ;
9) |
| Soggetti: | |
| Tags: |
Nessun Tag, puoi essere il primo ad aggiungerne!!
|
MARC
| LEADER | 00000nam^a2200000^a^4500 | ||
|---|---|---|---|
| 001 | 000146475 | ||
| 005 | 20250521000000.0 | ||
| 009 | 20260310095911.776 | ||
| 020 | |a 84-460-1996-5 | ||
| 037 | |a Acervo ITESO - Biblioteca | ||
| 041 | |a ESP | ||
| 082 | |a 302. 235011 |b CAM | ||
| 100 | |a Camarero Gómez, Gloria |e (edición) | ||
| 245 | 1 | 3 | |a La mirada que habla : |b cine e ideologías / |c Ed. y presen. de G. Camarero. |
| 264 | 4 | |a Madrid, España : |b Akal, |c 2002, c2002 | |
| 300 | |a 99 p. | ||
| 336 | |a texto |b txt |2 rdacontenido | ||
| 337 | |a sin mediación |b n |2 rdamedio | ||
| 338 | |a volumen |b nc |2 rdasoporte | ||
| 440 | 1 | |a (Akal Comunicación ; |v 9) | |
| 520 | |a Conjunto de ocho estudios que analizan cómo la ideología mantiene su presencia en el cine, y los otros medios de comunicación, de forma consustancial a ellos y en la globalidad de los mismos. Al margen del género fílmico al que se adscriba, toda película contiene en sí misma una finalidad ideológica: recoge los deseos, anhelos e imaginarios de la sociedad, a la vez que influye en los modos como los individuos se perciben y conciben a sí mismos y a su entorno. Así, la voz ideología recoge tanto las ideologías construidas como las ideologías flotantes: el primer caso hace referencia a ideologías transmitidas desde el poder del Estado, subvencionadas y apoyadas en cuerpos legislativos; la segunda acepción remite más bien a un inconsciente vital que se segrega desde unas relaciones sociales y sirve para legitimarlas, convertirlas en algo natural y hacer funcionar a dichas relaciones, configurando la individuación de cada vida subjetiva. | ||
| 649 | |a XX | ||
| 650 | |a Cineastas Rusos | ||
| 650 | |a Izquierda, La | ||
| 650 | |a Ideología - |x Tema Principal | ||
| 650 | |a Representación Social | ||
| 650 | |a Nazismo | ||
| 650 | |a Memoria Social | ||
| 650 | |a Historia | ||
| 650 | |a Violencia en el Cine - |x Historia y Crítica | ||
| 650 | |a Conflicto Social | ||
| 650 | |a Películas Históricas - |x Historia y Crítica | ||
| 650 | |a Cine Ruso - |x Historia y Crítica | ||
| 650 | |a Cine Ruso - |y 1920-1929 | ||
| 650 | |a Cine Ruso - |y Siglo XX | ||
| 650 | |a Cine Español - |x Historia y Crítica | ||
| 650 | |a Cine Español - |y Siglo XX | ||
| 650 | |a Cine Alemán - |x Historia y Crítica | ||
| 650 | |a Cine Alemán - |y Siglo XX | ||
| 650 | |a Cine - |x Función Entretenimiento y Recreación | ||
| 650 | |a Cine - |x Función Política - |x Tema Principal | ||
| 650 | |a Medios Audiovisuales | ||
| 650 | |a Medios de Comunicación y Problemas Sociales | ||
| 650 | |a Medios de Comunicación y Estado | ||
| 650 | |a Comunicación Visual | ||
| 650 | |a Comunicación Masiva | ||
| 650 | |a Comunicación y Política | ||
| 650 | |a Recepción y Apropiación de la Comunicación - |x Tema Principal | ||
| 650 | |a España - |x Historia - |y Guerra Civil, 1936-1939 | ||
| 650 | |a España - |x Historia - |y República, 1931-1939 | ||
| 650 | |a España - |x Historia - |y Siglo XX | ||
| 650 | |a Alemania - |x Historia - |y Tercer Reich, 1933-1945 | ||
| 650 | |a Alemania - |x Historia - |y Siglo XX | ||
| 650 | |a Sociología de la Comunicación | ||
| 650 | |a Eisenstein, Sergei M. | ||
| 910 | |a Fondo General | ||
| 920 | |a Impresos - Libros | ||
| 930 | |a Colección General | ||
| 905 | |a 101 | ||
| 901 | |a 0500075640 |b IT1 |c ACC |u 20250521 | ||
| 902 | |a https://opac.biblio.iteso.mx/vufind/Record/000146475 | ||